000
00327nam a2200133Ia 4500
008
150201s2000 xx 000 0 und d
082
_a
616.07
_b
M00P
100
_a
PLAYFAIR,JHL
245
_a
MEDICAL IMMUNOLOGY : MADE MEMORABLE
250
_a
2ND
260
_b
CHURCHILL
_a
LONDON
_c
2000
650
_a
MICROBIOLOGY
942
_2
ddc
_c
BK
999
_c
900
_d
900